B13 バス停名クイズ - 近江鉄道・湖国バス ver. - Statistics

General Stats
  • This quiz has been taken 3 times
  • The average score is 31 of 1472
Answer Stats
Answer % Correct
石山駅
100%
大津駅
100%
草津駅
100%
守山駅
100%
イオンモール草津
67%
近江八幡駅
67%
大津京駅
67%
小野
67%
瀬田駅
67%
長浜駅
67%
能登川駅
67%
浜大津
67%
南草津駅
67%
南草津駅西口
67%
八日市駅
67%
愛東北小前
33%
愛東支所・診療所
33%
愛東外町
33%
アグリの郷
33%
朝日
33%
尼子
33%
尼子駅
33%
33%
市辺
33%
愛知川駅
33%
近江今津駅
33%
近江大橋口
33%
近江塩津駅前
33%
近江長岡駅
33%
近江中庄駅
33%
近江八幡駅南口
33%
小野山
33%
笠山
33%
笠山東
33%
柏原
33%
堅田駅
33%
木ノ本駅
33%
京セラ前
33%
京町
33%
京町通り
33%
草津駅西口
33%
クレスト草津前
33%
県庁前
33%
坂田駅
33%
桜川駅
33%
新浜
33%
スクリーン
33%
瀬田北小学校
33%
多賀大社前駅
33%
高月
33%
玉川小学校前
33%
田村
33%
田村駅
33%
33%
南田山
33%
野路
33%
野路北口
33%
パナソニック西口
33%
パナソニック東口
33%
パナソニック前
33%
浜町
33%
東矢倉職員住宅
33%
彦根駅
33%
彦根城
33%
日野駅
33%
ビバシティ
33%
平田
33%
マキノ駅
33%
守山駅西口
33%
野洲駅
33%
立命館大学
33%
立命館大学正門前
33%
ai彩ひろば前
33%
BKCグリーンフィールド
33%
アイリスオーヤマ前
0%
アイ・マート前
0%
葵町
0%
青野
0%
青野口
0%
青山
0%
青山一丁目
0%
青山五丁目
0%
青山七丁目
0%
あかね古墳公園前
0%
あかね幼児園
0%
赤の井
0%
赤の井別院
0%
アグリパーク竜王前
0%
あけぼのパーク多賀
0%
浅井三姉妹の郷前
0%
浅井診療所前
0%
浅井分庁舎
0%
朝倉
0%
旭化成河西ニュータウン東口
0%
朝日野駅口
0%
朝日野郵便局前
0%
旭町
0%
芦浦
0%
芦浦観音寺
0%
アストラゼネカ
0%
麻生口
0%
穴村
0%
アピア前
0%
油池
0%
尼子農協前
0%
阿村
0%
綾戸北
0%
あやめ浜
0%
荒見
0%
アルプラザ口
0%
梓河内
0%
安部居
0%
伊井
0%
岩脇
0%
イオン長浜店
0%
生和神社前
0%
池洲橋
0%
池洲町北
0%
池洲町南
0%
池田
0%
池庄
0%
池庄口
0%
池之尻
0%
池之脇
0%
石田[守山市]
0%
石田[長浜市]
0%
石田北
0%
石谷
0%
石塚
0%
石塔口
0%
石馬寺
0%
石原
0%
石丸
0%
泉町
0%
伊勢道
0%
板戸
0%
市井町
0%
市ケ原
0%
市川原
0%
市金工業前
0%
市子沖
0%
市子殿
0%
市子松井
0%
市辺コミュニティセンター
0%
市場
0%
市原小学校前
0%
市原野上
0%
市原野下
0%
市三宅
0%
市三宅東
0%
一里山
0%
一区
0%
一区会議所前
0%
一式
0%
稲垂
0%
戌亥口
0%
戌亥西
0%
戌亥東
0%
井ノ口[高島市]
0%
井ノ口[長浜市]
0%
伊野部
0%
伊庭
0%
伊庭西
0%
伊吹高校前
0%
伊吹小学校前
0%
伊吹登山口
0%
0%
今堅田出島灯台
0%
今川
0%
今在家
0%
今在家口
0%
今荘橋
0%
今代
0%
今津北小学校前
0%
今津西町
0%
今堀
0%
今道内湖
0%
井明神
0%
飯村
0%
鋳物師
0%
0%
妹北口
0%
飯山口
0%
いろは松
0%
岩井
0%
岩倉
0%
岩倉団地口
0%
印刷局前
0%
上田
0%
上田中
0%
上田変電所
0%
上野口
0%
上ノ山
0%
宇尾
0%
鵜川
0%
内池
0%
宇根
0%
梅林
0%
梅原
0%
梅原北
0%
浦出町
0%
瓜生津
0%
運転免許センター
0%
運動公園
0%
ヴォーリズ学園前
0%
ヴォーリズ記念病院前
0%
ヴォーリズグランド前
0%
永久寺
0%
永源寺支所
0%
永源寺車庫
0%
永源寺中学校
0%
永源寺図書館
0%
永源寺前
0%
衛生科学センター前
0%
江頭
0%
エストピアホテル前
0%
愛知川商店街
0%
越川町
0%
エフベーカリー前
0%
エンゼルプラザ
0%
小井口
0%
老杉神社前
0%
追分
0%
淡海医療センター
0%
近江温泉病院
0%
近江高等技術専門校
0%
近江市民自治センター
0%
近江高山
0%
近江鶴ヶ丘
0%
近江山梨子
0%
大石町
0%
大江
0%
大岡
0%
狼川湖南電機前
0%
大窪
0%
大窪北
0%
大窪西
0%
大沢
0%
大路
0%
大篠原
0%
大床
0%
太田
0%
大凧会館前
0%
大辰巳
0%
大津市公設市場
0%
大津市民病院
0%
大津市民病院玄関前
0%
大津署前
0%
大音
0%
大沼
0%
大萩
0%
大橋三丁目
0%
大林[東近江市]
0%
大林[守山市]
0%
おおはらクリニック前
0%
近江桂
0%
大森
0%
大薮
0%
大薮口
0%
大薮郵便局前
0%
岡田
0%
岡谷
0%
岡田ノエビア前
0%
岡町[守山市]
0%
岡町[彦根市]
0%
岡町会館前
0%
岡屋
0%
岡屋北
0%
岡屋中
0%
岡屋南
0%
0%
息長小学校
0%
沖野
0%
沖野会館前
0%
沖野中央
0%
小口
0%
小口北
0%
小口東
0%
小倉[長浜市]
0%
小倉[東近江市]
0%
長村口
0%
乙窪口
0%
大路井栄町
0%
小津農協前
0%
乙女浜
0%
乙女浜北
0%
音羽[長浜市]
0%
音羽[日野町]
0%
音羽[近江八幡市]
0%
おば川新橋
0%
小幡上筋
0%
小幡町資料館前
0%
大曲
0%
尾山
0%
下物
0%
鎌掛
0%
海津
0%
海津大崎口
0%
開出今
0%
開出今北口
0%
開出今団地
0%
カインズモール彦根
0%
鏡口
0%
鏡工業団地
0%
笠縫東小学校
0%
笠縫東まちづくりセンター
0%
笠原
0%
笠原口
0%
笠山口
0%
鍛冶屋
0%
鍛冶屋北
0%
鍛冶屋町
0%
柏木
0%
柏原小学校前
0%
加勢野
0%
片岡
0%
堅田駅口
0%
片原
0%
勝部
0%
金ヶ森
0%
金森
0%
金ヶ森東
0%
金森東
0%
金屋
0%
金居原
0%
金居原口
0%
金居原中
0%
加納
0%
綺田
0%
河曲
0%
上大森
0%
上音羽
0%
上小房
0%
上開田
0%
上笠
0%
上笠天満宮
0%
上笠橋
0%
上笠橋口
0%
上笠郵便局
0%
上笠郵便局前
0%
上笠四丁目
0%
上岸本
0%
上沓掛
0%
上後三条
0%
上寺憩いの家
0%
上寺生協前
0%
神照
0%
神照小学校前
0%
上南
0%
上中野
0%
上日吉
0%
上平木
0%
上二俣
0%
上二俣中
0%
上別保
0%
上山町
0%
加茂
0%
蒲生運動公園
0%
蒲生岡本
0%
蒲生北小学校前
0%
蒲生支所前
0%
蒲生堂口
0%
蒲生西小学校前
0%
加茂東
0%
蚊屋の森
0%
加与丁
0%
駕輿丁口
0%
からす公園前
0%
唐橋前
0%
苅原
0%
苅原東
0%
ガリ版伝承館
0%
花緑公園
0%
川合[東近江市]
0%
川合[長浜市]
0%
川合会館前
0%
川合寺
0%
川合東
0%
川崎
0%
川崎南
0%
河瀬駅東口
0%
河瀬口
0%
川田
0%
川並
0%
河西口
0%
河西ニュータウン前
0%
川の下
0%
川原
0%
川原町
0%
川守
0%
瓦屋寺口
0%
官庁街通り
0%
関電前[野洲市]
0%
関電前[東近江市]
0%
観音寺
0%
観音寺口
0%
上分
0%
カームタウン
0%
祇園
0%
祇園西
0%
祇園南
0%
喜合
0%
鬼室神社前
0%
岸畑
0%
岸脇口
0%
木曽
0%
喜多
0%
北大萱
0%
北河瀬
0%
北郷里まちづくりセンター
0%
北坂
0%
北新町
0%
北中前
0%
北津田
0%
北中小路
0%
北之郷
0%
北野小学校前
0%
北之庄ラコリーナ前
0%
北畑
0%
北畑口
0%
北畑中
0%
北畑牧野
0%
北畑四組
0%
北花沢
0%
北浜
0%
北比江
0%
北深清水
0%
北深清水北口
0%
北町
0%
北山田口
0%
北山田診療所
0%
北山田町会館
0%
北山田浜
0%
北脇
0%
義仲寺
0%
北仰口
0%
木ノ川
0%
木川東
0%
木の下町
0%
木之本口
0%
木之本バスターミナル
0%
希望が丘西ゲート
0%
希望が丘西ゲート口
0%
希望が丘リッチランド
0%
木村口
0%
休暇村
0%
旧北小前
0%
久徳口
0%
共栄社化学前
0%
京都大学生態学研究センター
0%
京橋口
0%
京町通り商店街
0%
京町二丁目
0%
桐原小学校前
0%
桐原橋
0%
桐原幼稚園
0%
キリンビール前
0%
銀座
0%
銀座街
0%
金城幼稚園口
0%
勤労者体育センター前
0%
草津エストピホテル前
0%
草津クレアホール
0%
草津高校南口
0%
草津職業安定所
0%
草津市立プール前
0%
草津団地
0%
草津中学校前
0%
草津年金事務所
0%
草津ハートセンター
0%
草津東高校
0%
草津一丁目
0%
草野
0%
草野南
0%
薬師
0%
くすのきセンター前
0%
沓掛
0%
国境
0%
国友
0%
久野部
0%
久保江
0%
熊野
0%
熊野神社
0%
口分田郷
0%
蔵の町団地
0%
倉橋部
0%
クリスタルプラザ
0%
栗林町
0%
栗見新田
0%
栗見出在家
0%
グリム冒険の森
0%
グリーンハイツ
0%
グリーンパーク山東
0%
グリーンプラザからすま
0%
桑畑
0%
ケアセンター
0%
敬愛病院
0%
警察署前
0%
血液センター前
0%
健康パークあざい
0%
県道笠川
0%
県道宅屋口
0%
県立アイスアリーナ
0%
県立伊吹運動場前
0%
県立総合病院
0%
県立総合病院口
0%
県立大学
0%
県立大学南口
0%
県立長寿社会福祉センター
0%
県立盲学校
0%
県立盲学校前
0%
小足口
0%
小荒路
0%
小泉
0%
幸円橋
0%
公園前
0%
工業団地北口
0%
高校前[日野町]
0%
高校前[東近江市]
0%
上野田
0%
光善寺
0%
匂当内侍前
0%
郷野
0%
光明寺前
0%
甲良町役場
0%
甲良東小学校前
0%
甲良養護学校
0%
五個荘日吉
0%
国道石塚
0%
国道河瀬
0%
国道草津
0%
国道膳所
0%
国道多賀大社
0%
国道辻
0%
国道渡岸寺
0%
国道虎姫
0%
国道西浜
0%
国道彦根
0%
国道南笠
0%
国道八日市
0%
湖国バス彦根営業所前
0%
湖城ケ丘
0%
小姓谷
0%
五条ふれあい会館口
0%
小神田
0%
小神田北
0%
こすぎクリニック前
0%
湖西平前
0%
小田苅
0%
小田苅口
0%
小谷
0%
五智前
0%
御殿ケ浜
0%
湖東記念病院
0%
湖東記念病院口
0%
湖東支所
0%
湖東ひばり幼児園前
0%
湖都町西口
0%
小中
0%
小野清水町
0%
香ノ庄
0%
木の浜口
0%
木の浜農協前
0%
木の浜橋
0%
木の浜郵便局前
0%
胡宮神社前
0%
小浜
0%
小林住宅前
0%
小比江
0%
小平井
0%
小平井一区
0%
小平井口
0%
小平井団地
0%
小船木エコ村
0%
小船木口
0%
湖北病院
0%
駒寺
0%
コミュニティセンター大宝西
0%
コミュニティセンター葉山
0%
小村
0%
小八木
0%
小屋場
0%
ゴルフ場口
0%
金堂
0%
金堂竜田口
0%
金比羅口
0%
コンフォートテラオ
0%
済生会病院
0%
西明寺
0%
西明寺口
0%
蔵王
0%
蔵王ダム
0%
0%
栄町[大津市]
0%
栄町[守山市]
0%
栄町一丁目
0%
栄町二丁目
0%
坂口
0%
坂下
0%
佐川美術館
0%
さきら前
0%
佐久良
0%
さくらが丘
0%
桜ケ丘
0%
桜川東
0%
桜谷小学校
0%
さくら保育園
0%
さくらんぼ保育園
0%
さざなみタウン前
0%
さざなみホール前比留田
0%
笹の口
0%
佐生
0%
佐生団地
0%
幸津川
0%
幸津川南
0%
さつき台
0%
さつき中央
0%
さつき間谷
0%
さつき山田
0%
里口
0%
里の内
0%
酒波
0%
佐野
0%
サルビアタウン前
0%
0%
佐和町
0%
沢南口
0%
さわやかセンター
0%
三区
0%
参天製薬前
0%
山東学びあいステーション
0%
三の宮
0%
三友エレクトリック前
0%
市営住宅前
0%
塩津北口
0%
塩津小学校前
0%
塩津浜
0%
滋賀アリーナ
0%
滋賀医大西門前
0%
滋賀運輸支局
0%
滋賀学園前
0%
滋賀学園・河辺の森前
0%
視覚障害者センター
0%
視覚障害者センター東口
0%
滋賀県立総合病院
0%
滋賀県立総合病院口
0%
滋賀大学
0%
滋賀大口
0%
滋賀病院玄関前
0%
滋賀病院前
0%
賎ケ岳口
0%
七里[竜王町]
0%
七里[東近江市]
0%
七里口
0%
四手公園
0%
自動車会館
0%
尻無
0%
信濃口
0%
篠原駅北口
0%
篠原駅南口
0%
篠原小学校
0%
芝原
0%
柴原南
0%
渋川口
0%
渋川福複センター
0%
島川
0%
島津製作所前
0%
市民運動公園前
0%
市民共生センター前
0%
市民交流センター
0%
市民体育館前
0%
市民ホール前
0%
下大森
0%
下笠
0%
下笠会館
0%
下笠中央
0%
下笠西
0%
下岸本
0%
下岸本口
0%
下沓掛
0%
下後三条
0%
下里
0%
下堤
0%
下出[草津市]
0%
下出[高島市]
0%
下中野
0%
下新川神社前
0%
下の郷
0%
下の郷東
0%
下野郷原
0%
下羽田
0%
下羽田開発
0%
下二俣
0%
下八木口
0%
市役所
0%
市役所西
0%
市役所前[守山市]
0%
市役所前[近江八幡市]
0%
市役所前[彦根市]
0%
市役所前[長浜市]
0%
十二里町
0%
集福寺
0%
十里口
0%
ジョイいぶき
0%
ジョイ伊吹口
0%
0%
商工会議所
0%
庄堺公園口
0%
城西小学校前
0%
城南小学校前
0%
小児保健医療センター前
0%
正法寺
0%
正法寺変電所前
0%
消防署浅井出張所前
0%
消防署前
0%
消防本部
0%
庄村口
0%
松陽二丁目
0%
松陽二丁目東
0%
松陽三丁目
0%
正楽寺口
0%
松林寺
0%
白王口
0%
白谷
0%
市立総合体育館
0%
市立長浜病院
0%
市立病院前
0%
市立埋蔵文化財センター
0%
新阿比留口
0%
新大森団地
0%
神社前
0%
新庄
0%
神照寺前
0%
新出
0%
新出口
0%
神田
0%
新田会館
0%
新田橋
0%
新堂
0%
新堂中学校
0%
新道野
0%
新八代
0%
新平井橋
0%
新保
0%
新保南
0%
新町
0%
信用金庫前
0%
新吉身
0%
診療所前[湖東町]
0%
診療所前[永源寺町]
0%
新霊仙寺橋
0%
神領建部大社前
0%
神領団地
0%
神領三丁目
0%
新緑苑団地
0%
新緑苑児童公園前
0%
春照下
0%
水生植物公園みずの森
0%
須恵
0%
須川
0%
菅川
0%
杉江
0%
杉江東口
0%
杉沢
0%
杉野
0%
杉野北
0%
杉野農協前
0%
杉本
0%
スクリーン多賀事業所
0%
須越
0%
須越北
0%
すこやかの杜口
0%
双六町
0%
鈴休神社前
0%
スダレ西児童遊園
0%
須原口
0%
相撲中
0%
相撲西
0%
相撲東
0%
洲本
0%
スーパースター前
0%
生長の家前
0%
聖徳
0%
西武大津グリーンハイツ入口
0%
西友長浜楽市前
0%
西友前
0%
聖和
0%
瀬田駅口
0%
瀬田川団地口
0%
瀬田公園
0%
瀬田高校前
0%
瀬田ゴルフ場
0%
瀬田バスストップ
0%
瀬田南小学校前
0%
セブンイレブン前
0%
芹橋
0%
千田
0%
千田口
0%
膳所公園
0%
ぜぜ自動車教習所
0%
総合医療センター
0%
総合教育センター前
0%
総合体育館東口
0%
総合体育館前
0%
福祉総合センター愛の郷前
0%
僧坊
0%
双葉中学校
0%
曽我
0%
曽根[東近江市]
0%
曽根[長浜市]
0%
曽根口
0%
0%
0%
田井
0%
第一なぎさ公園
0%
大覚寺
0%
大学病院前
0%
大将軍一丁目北
0%
大通寺
0%
大中
0%
大日町
0%
ダイニックアストロパーク
0%
ダイニック前
0%
第二富田クリニック
0%
ダイハツ工業西門前
0%
大宝東小学校前
0%
大宝郵便局西
0%
大宝郵便局前
0%
大門自治会館前
0%
多賀尼子
0%
高木
0%
高木口
0%
高木下
0%
高木浜二丁目
0%
高島高校前
0%
高田
0%
多賀大社前駅口
0%
多賀町役場
0%
多賀西
0%
高野
0%
高野郵便局前
0%
高橋
0%
高番
0%
高宮大北
0%
高宮北口
0%
高宮東
0%
高山南
0%
多賀四ツ谷
0%
多賀若宮
0%
竹ヶ鼻
0%
竹生口
0%
竹町
0%
竜ケ丘
0%
立田
0%
建部東穂作会館
0%
田中
0%
田中江
0%
田部
0%
玉緒駐在所
0%
玉木町
0%
玉園中学校前
0%
田谷
0%
多良口
0%
多和田
0%
探検の殿堂・味咲館
0%
男女共同参画センター前
0%
千草東
0%
千代
0%
乳橋
0%
路原
0%
中央公民館
0%
中学校前
0%
長福寺
0%
長命寺
0%
0%
辻町
0%
土田
0%
土田口
0%
土田新田
0%
つちだ内科医院前
0%
堤口
0%
椿野台
0%
椿野台三組通り
0%
椿野台集会所前
0%
椿野台二組通り
0%
鶴の里団地
0%
鶴の里橋
0%
鶴の里東
0%
出庭
0%
出町
0%
出町南
0%
出屋敷
0%
出屋敷西
0%
出屋敷東
0%
寺久保
0%
寺師
0%
寺師北
0%
寺村新田
0%
寺村新田南
0%
天寧寺口
0%
天満
0%
銅鐸博物館前
0%
東洋電機製造前
0%
東レ北門前
0%
東レ・カーボンマジック前
0%
戸賀団地
0%
土器
0%
常盤東総合センター
0%
常盤まちづくりセンター
0%
常盤郵便局
0%
徳山
0%
図書館・江州音頭会館前
0%
図書館前[守山市]
0%
図書館前[草津市]
0%
図書館・能登川アリーナ前
0%
0%
殿町
0%
冨波会館前
0%
富之尾
0%
富之尾大橋
0%
豊道
0%
虎姫南
0%
鳥居平
0%
鳥居平口
0%
ドリームファーム前
0%
中江頭
0%
中音羽
0%
中川原口
0%
中岸本
0%
長寸神社前
0%
中小路
0%
中小路東・西
0%
中小路南
0%
中小森
0%
中在寺会議所前
0%
中里
0%
長島口
0%
中庄
0%
長沢
0%
長曽根
0%
長曽根口
0%
長曽根口天神前
0%
中多良
0%
中地区公民館
0%
仲出町
0%
中戸
0%
中道一丁目
0%
中之郷
0%
中之郷北
0%
中之郷農協前
0%
中之郷南
0%
中之庄
0%
中の庄
0%
中ノ町[草津市]
0%
中ノ町[高島市]
0%
長浜北高校前
0%
長浜警察署前
0%
長浜御坊前
0%
長浜赤十字病院
0%
長浜病院西
0%
長浜北星高校前
0%
長浜郵便局前
0%
長浜養護学校前
0%
中林町
0%
永原住宅前
0%
中比江
0%
中町
0%
長峰北口
0%
長峰集会所前
0%
中村
0%
中山
0%
長束会館
0%
鯰江
0%
楢崎
0%
鳴谷
0%
南郷
0%
南部コミュニティセンター
0%
新栄口
0%
二区
0%
西池
0%
西今
0%
西上田
0%
西大路
0%
西大路小学校前
0%
西大野木
0%
西主計
0%
西川
0%
西川東口
0%
西上坂北
0%
西上坂西
0%
西蔵王
0%
西佐久良
0%
西渋川一丁目
0%
西渋川二丁目
0%
西浜
0%
西浜南
0%
西本町
0%
西村
0%
西横関
0%
日電高月工場
0%
日精団地前
0%
仁本木
0%
如来
0%
如来西
0%
如来東
0%
ネオベラヴィータ
0%
野一色
0%
野口[東近江市]
0%
野口[高島市]
0%
野郷原
0%
野坂口
0%
野瀬
0%
野瀬北
0%
野瀬口
0%
乗倉口
0%
野瀬南
0%
野田山
0%
野出
0%
能登川駅西口
0%
能登川北小前
0%
能登川口
0%
能登川グラウンド前
0%
能登川支所
0%
能登川病院
0%
能登川南小口
0%
能登瀬
0%
野端
0%
不飲橋
0%
野村
0%
野村一丁目
0%
野村運動公園前
0%
野村会館
0%
野村交番前
0%
野村橋
0%
バイパス野路
0%
箱館山
0%
間田南
0%
橋岡
0%
橋本[大津市]
0%
橋本[竜王町]
0%
畑田口
0%
八幡高校前
0%
八幡堀八幡山ロープウェー口
0%
八興前
0%
八坂
0%
八坂北口
0%
八坂北町
0%
八商前
0%
八代団地
0%
発達支援センター
0%
八丁野
0%
服部
0%
服部東
0%
鳩の森公園東
0%
パナソニックスクール
0%
パナソニック団地口
0%
パナソニック南門前
0%
花園
0%
花屋敷池の里南
0%
花屋敷池の里北
0%
羽田
0%
羽田西
0%
幅野町
0%
浜野
0%
0%
林田
0%
林南
0%
速野小学校前
0%
葉山川橋
0%
速水
0%
早溝
0%
速水高田
0%
0%
原東団地口
0%
播磨田
0%
播磨田口
0%
播磨田南
0%
パリヤ前
0%
春近
0%
バロー草津下物店前
0%
ハローワーク草津
0%
半川原
0%
飯の浦
0%
番場
0%
馬場
0%
馬場郵便局前
0%
ハートピア
0%
比江
0%
ピエリ守山
0%
ピエリ守山口
0%
東近江蒲生医療センター
0%
東近江総合医療センター
0%
東大津高校
0%
東大野木
0%
東沖野一丁目
0%
東沖野二丁目・山田内科前
0%
東主計
0%
東上笠
0%
東川
0%
東草津
0%
東上坂
0%
東上坂口
0%
東佐生
0%
東新浜
0%
東新町
0%
東中前
0%
東出
0%
東通り商店街東口
0%
東野
0%
東本町
0%
東矢倉南
0%
東矢倉一丁目
0%
東矢倉二丁目
0%
東矢倉四丁目
0%
南彦根駅西口
0%
南彦根駅東口
0%
ひこね市文化プラザ
0%
彦根市立図書館前
0%
彦根総合スポーツ公園
0%
彦根ニュータウン
0%
彦根郵便局
0%
ひだまりの家
0%
七条
0%
七条西
0%
七条東
0%
必佐公民館前
0%
必小前
0%
一ツ松
0%
陽の丘団地
0%
陽の丘団地口
0%
日野川ダム口
0%
日野河原北
0%
日野河原
0%
日野観光協会前
0%
日野記念病院
0%
日野小学校前
0%
日野町役場
0%
日野郵便局前
0%
日野幼稚園前
0%
ひばり丘団地
0%
雲雀ケ丘
0%
ひばり公園
0%
百済寺口
0%
百済寺町
0%
百済寺本坊前
0%
百済寺本町
0%
兵主大社前
0%
平井会館
0%
平尾
0%
平方
0%
平方東
0%
平木
0%
平子中
0%
平阪
0%
平田駅前
0%
平田大沢
0%
平田機工・小堤
0%
平田コミュニティセンター
0%
平田橋
0%
平田郵便局前
0%
平松東
0%
蛭口
0%
弘川
0%
弘川口
0%
弘川高田
0%
広島外科前
0%
廣瀬西口
0%
広間
0%
琵琶湖大橋ゴルフコース前
0%
琵琶湖大橋東詰
0%
びわ湖東部中核工業団地
0%
琵琶湖博物館
0%
琵琶湖プラザ前
0%
琵琶湖マリオットホテル
0%
ふくしあ
0%
福祉センター
0%
福堂
0%
福堂東
0%
福満公園口
0%
浮気
0%
浮気東口団地前
0%
藤の森
0%
富士美台
0%
布施野口
0%
二町
0%
不動浜
0%
船木
0%
ぷらざ三方よし前
0%
ブリヂストンアパート前
0%
ブリヂストン彦根工場
0%
ふるさと館前
0%
古高
0%
古高北
0%
古高南
0%
古橋
0%
フレンドマート上笠店
0%
文化プラザ口
0%
文芸会館・青葉メディカル前
0%
平和堂木之本店
0%
平ケ崎
0%
平ケ崎北
0%
綣三丁目
0%
蛇溝
0%
ベルロード平田
0%
ポイントバケーション前
0%
豊年橋和船のりば口
0%
北部工業団地前
0%
北部合同庁舎
0%
保健所前
0%
欲賀
0%
宝積
0%
細江南
0%
洞戸
0%
ほりお眼科前
0%
堀上
0%
堀切港
0%
堀部
0%
本町キャッスルロード
0%
本丸町
0%
米原駅東口
0%
米原工業団地口
0%
米原高校
0%
米原高校口
0%
米原市役所伊吹庁舎前
0%
米原市役所山東支所
0%
マキノ高原温泉さらさ
0%
マキノ高原民宿村
0%
マキノ支所前
0%
マキノピックランド
0%
マキノ病院前
0%
マックスバリュ駒井沢店
0%
マックスバリュ東近江店
0%
松尾医院前
0%
松尾北
0%
松尾五丁目
0%
松尾三丁目
0%
松ケ枝町
0%
松が丘口
0%
松ヶ丘五丁目
0%
松ヶ丘三丁目
0%
松が丘西
0%
松田団地
0%
松田団地北
0%
松田団地南
0%
マツダ前
0%
松林
0%
松原
0%
松原中学校前
0%
松原中
0%
丸尾
0%
丸の内町
0%
円山
0%
萬徳寺
0%
マーガレットステーション
0%
御河辺神社前
0%
御倉
0%
美崎
0%
美崎西
0%
美崎ニッサンタウン前
0%
美崎レークニュータウン前
0%
三島池
0%
水茎焼陶芸の里
0%
水保
0%
みずほ団地
0%
みずほ団地口
0%
構口
0%
三十坪
0%
三谷
0%
三谷口
0%
道の駅あぢかまの里
0%
道の駅マキノ追坂峠
0%
道の駅竜王かがみの里
0%
三井アウトレットパーク
0%
三ツ池町
0%
三ツ坂
0%
三菱ケミカル浅井事業所前
0%
三津屋[東近江市]
0%
三津屋[彦根市]
0%
三津屋北口
0%
三津屋西
0%
緑町東
0%
南笠団地前
0%
南眼科医院前
0%
南草津団地
0%
南蔵王
0%
南新保口
0%
南花沢
0%
南深清水
0%
南牧野
0%
南町
0%
南山田
0%
南脇
0%
美松台
0%
美松台公民館前
0%
宮川
0%
三宅自治会館前
0%
三宅団地
0%
三宅東
0%
宮司北
0%
宮司東
0%
宮司南
0%
宮の平
0%
宮前
0%
宮前橋
0%
御幸橋北
0%
御幸橋南
0%
妙法寺
0%
妙法寺東口
0%
妙法寺・中村医院前
0%
向山ニュータウン
0%
村井一丁目
0%
村居田
0%
村井本町
0%
村木
0%
村田製作所
0%
室東
0%
名神多賀口
0%
名神彦根口
0%
名神八日市
0%
名神竜王インター口
0%
メイプルタウン前
0%
馬渡橋
0%
本市場
0%
元町北
0%
元町南
0%
本宮町
0%
物部
0%
物部小学校前
0%
紅葉橋北
0%
守山駅東口
0%
もりやまエコパーク
0%
守山北高校前
0%
守山北中学校前
0%
守山漁港前
0%
守山銀座
0%
守山高校北口
0%
守山高校西
0%
守山高校前
0%
守山市民運動公園前
0%
守山市民病院
0%
守山市民病院前
0%
守山市役所前
0%
守山市立図書館
0%
守山中学校前
0%
守山町公園
0%
守山南中学校前
0%
宅屋口
0%
八坂地蔵尊
0%
矢島
0%
矢島南口
0%
野洲駅北口
0%
野洲川歴史公園サッカー場
0%
野洲市北部合同庁舎前
0%
野洲市役所
0%
野洲中学校前
0%
やすらぎの家
0%
簗瀬
0%
家棟団地
0%
矢橋
0%
矢橋北口
0%
矢橋帰帆島
0%
矢橋東口
0%
矢橋郵便局前
0%
八幡泉町
0%
八幡中山口
0%
八幡中山東
0%
矢放神社前
0%
山賀
0%
山鏡
0%
山柿団地
0%
山上
0%
山上口
0%
山上新田口
0%
山路
0%
山階
0%
山階町南
0%
山路西
0%
山田
0%
山田五条
0%
山田小学校
0%
山田町会館
0%
山面
0%
山面工業団地
0%
山中
0%
山之上
0%
山の手団地
0%
山本
0%
矢守
0%
八幡中山
0%
八幡中山西
0%
藺生東
0%
弓削
0%
ユースホステル前
0%
八日市営業所前
0%
八日市北小前
0%
八日市高校
0%
八日市南高校
0%
養蚕の館
0%
横関
0%
横町
0%
横山
0%
よし池
0%
吉川
0%
吉川北
0%
吉地
0%
吉身
0%
吉身公民館前
0%
米花団地口
0%
読合堂
0%
四番町スクエア
0%
立正佼成会前
0%
栗東駅西口
0%
栗東駅東口
0%
立命館守山中学・高校前
0%
竜王町総合庁舎北口
0%
竜王ダイハツ前
0%
竜王町タウンセンター
0%
竜王西小学校
0%
霊仙寺
0%
霊仙寺五丁目
0%
霊仙寺住宅
0%
林業普及センター前
0%
リーディング坂田
0%
ルッチプラザ
0%
蓮花寺
0%
レークサイドタウン
0%
六条西口
0%
六枚橋
0%
ローザンベリー多和田
0%
ローム滋賀前
0%
若草北口
0%
若草中央通り
0%
若草一丁目
0%
わかたけ公園
0%
若松
0%
和田
0%
和田町
0%
渡海神社前
0%
綿向神社前
0%
渡合
0%
ワークステーション若竹
0%
海津1区
0%
水谷整形外科1
0%
馬場1丁目(県立体育館前)
0%
今堅田2丁目
0%
海津2区
0%
西河原2丁目
0%
水谷整形外科2
0%
海津3区
0%
西河原5丁目
0%
鏡登山口(積水樹脂竜王・鏡前)
0%
くるみこども園前(下笠東)
0%
滋賀県民共済前(泉町)
0%
ジャザサイズ前(若宮町)
0%
月の輪自動車教習所前(月の輪)
0%
錦の里(イオンタウン野洲)
0%
西ノ庄(びわ湖大津プリンスホテル前)
0%
東近江デンタルクリニック前(御園)
0%
びわ湖地球市民の森・おうみんち前
0%
村田製作所前(奥山)
0%
竜王口(積水樹脂滋賀前)
0%
龍谷大学(瀬田キャンパス)
0%
レイメイクリニック前(札の辻)
0%
プロシードアリーナHIKONE
0%
JAグリーン近江前
0%
JA日野東支店前
0%
JAマキノ前
0%
西河原JA中主支店前
0%
湖北THGツインアリーナ
0%
UCD-ARROW
0%
グリーンホテルYes近江八幡前
0%
No matching quizzes found
Score Distribution
Percent of People with Each Score
Percentile by Number Answered
Your Score History
You have not taken this quiz